000 00320nam a2200121Ia 4500
008 230907s9999||||xx |||||||||||||| ||und||
082 _a333.794,SUN
100 _aSundaresan, Srinivasan
_9115087
245 0 _aCleaner-energy investments/
260 _aSpringer
_bNew Delhi
_c2015
300 _axviii,197.p.:
942 _cBK
999 _c597511
_d597511